Times of india directory and yearbook Including who's who (Record no. 7341)

MARC details
000 -LEADER
fixed length control field 00536nam a2200169Ia 4500
003 - CONTROL NUMBER IDENTIFIER
control field IN-BaIIA
008 - FIXED-LENGTH DATA ELEMENTS--GENERAL INFORMATION
fixed length control field 211028s9999 xx 000 0 eng d
040 ## - CATALOGING SOURCE
Transcribing agency IIA Library
080 ## - UNIVERSAL DECIMAL CLASSIFICATION NUMBER
Universal Decimal Classification number 58
Item number JAI
245 #0 - TITLE STATEMENT
Title Times of india directory and yearbook Including who's who
Statement of responsibility, etc. edited by Girilal Jain
260 ## - PUBLICATION, DISTRIBUTION, ETC.
Place of publication, distribution, etc. Bombay
Name of publisher, distributor, etc. The Times of India Press
Date of publication, distribution, etc. 1982
300 ## - PHYSICAL DESCRIPTION
Extent [various pagings.]
650 ## - SUBJECT ADDED ENTRY--TOPICAL TERM
Topical term or geographic name entry element NASA Thesaurus
650 ## - SUBJECT ADDED ENTRY--TOPICAL TERM
Topical term or geographic name entry element Year Books
9 (RLIN) 3953
700 ## - ADDED ENTRY--PERSONAL NAME
Personal name Jain, Girilal ed.
9 (RLIN) 11632
942 ## - ADDED ENTRY ELEMENTS (KOHA)
Koha item type Books
Holdings
Withdrawn status Lost status Damaged status Not for loan Home library Current library Shelving location Date acquired Cost, normal purchase price Total Checkouts Full call number Barcode Date last seen Cost, replacement price Price effective from Koha item type Purchase Price
        IIA Library-Bangalore IIA Library-Bangalore General Stacks 09/05/1983 100.00   058/ JAI 8148 05/11/2021 100.00 09/05/1983 Books Rs. 100

Powered by Koha